MARC

LEADER 00000nam0a2200000 4500
001 256622
005 20231101233130.0
020 |a RU  |b 88-2077 
035 |a (RuTPU)RU\TPU\book\279339 
090 |a 256622 
100 |a 20140410d1987 m y0rusy5003 ca 
101 0 |a rus 
102 |a RU 
105 |a a z 000zy 
200 1 |a Рисунок, чертеж, картина на ЭВМ  |f В. В. Александров, В. С. Шнейдеров 
210 |a Ленинград  |c Машиностроение  |d 1987 
215 |a 128 с.  |c ил. 
225 1 |a Научно-популярная библиотека школьника  |e НПБШ 
606 1 |a Машинная графика  |x Программное обеспечение  |2 stltpush  |3 (RuTPU)RU\TPU\subj\41401  |9 61194 
610 1 |a компьютеры 
610 1 |a чертежи 
610 1 |a пространственное воображение 
610 1 |a графический дизайн 
610 1 |a конструкторские бюро 
675 |a 681.327.1  |z rus  |v 3 
700 1 |a Александров  |b В. В.  |g Виктор Васильевич 
701 1 |a Шнейдеров  |b В. С.  |g Виталий Семенович 
801 0 |a RU  |b RuMRKP  |c 19950417  |g psbo 
801 1 |a RU  |b 63413507  |c 20140410 
801 2 |a RU  |b 63413507  |c 20140911  |g RCR 
942 |c BK